| 000 | 00936nam a2200241Ia 4500 | ||
|---|---|---|---|
| 001 | 11510 | ||
| 003 | GE_BSU | ||
| 008 | 181216s||||||||xx |||||||||||||| ||und|| | ||
| 040 | _cGE_BSU | ||
| 080 | _a629.114.2+629.113+621.43.01 | ||
| 100 | _aმახალდიანი,ვ. | ||
| 245 | _aტრაქტორები და ავტომობილები. | ||
| 245 | _bსაავტოტრაქტორო ძრავების თეორია და გაანგარიშება. | ||
| 245 | _cრედ:პ.ლაბარტყავა. | ||
| 250 | _aმე–3 გადამუშ.გამოც. | ||
| 260 | _aთბილისი. | ||
| 260 | _bგანათლება. | ||
| 260 | _c1988. | ||
| 300 | _a406გვ;20სმ. | ||
| 300 | _eდანართი გვ. 395. | ||
| 653 | _aტრაქტორები და ავტომობილები. | ||
| 942 | _cBK | ||
| 999 |
_c44705 _d44705 |
||